01542nam a2200313 a 4500001001000000003000900010005001700019008003200036020001800068040002500086082002900111111012700140245019700267246008800464260008200552300002800634500007300662518000600735650005600741650005300797650007200850650005500922650005300977700005001030700004601080700003101126700003301157700003801190000048050DO-SdBNP20260129080243.0181112s2017 dr ac 000 0 spa d a9789945905250 aDO-SdBNPbspacBPMSU 4a305.4098b E56i 20172222 aEncuentro Iberoamericano de Justicia Constitucional con Perspectiva de Géneron(2 :d2017 : mar. 18-20 :cSanto Domingo)10aII Encuentro internacional de justicia constitucional con perspectiva de género /cpresentación Milton Ray Guevara ; coordinadora Leyda Margarita Piña Medrano ; edición Leonor Tejada.13aSegundo Encuentro internacional justicia constitucional con perspectiva de género aSanto Domingo :bTribunal Constitucional de la República Dominicana,c2017. a321 p. :bil. ;c25 cm. aIncluye referencias bibliográficas y notas al pie de las páginas a  4aMujeres y derecho vEnsayos, conferencias, etc..4  4aDerecho de familia vEnsayos, conferencias, etc. 4aDescriminación sexual contra la mujervEnsayos, conferencias, etc 4aMujeres víctimas de la violencia xLegislación 4aMujeres xCondiciones socialeszAmérica Latina1 aPiña Medrano, Leyda Margaritaecoordinadora1 aMilton Ray Guevarad1948-epresentación1 aTejada, Leonor,eediciónz a Ray Guevara, Miltond1948-z aGuevara, Milton L. Ray,‏d1948-